The wind in the willows

Bibliographic Details
Main Author: Grahame, Kenneth
Format: Book
Published: s.l. : Troll Associates , 1993
Subjects:

MARC

LEADER 00000cam a2200000 7i4500
001 0000001093
002 000001208
005 20020423.0
020 |a 0816728712 
090 0 0 |a JF   |b GRA 
100 1 |a Grahame, Kenneth 
245 1 4 |a The wind in the willows   |c Kenneth Grahame 
260 |a s.l. :   |b Troll Associates ,   |c 1993 
300 |a 48p. :   |b ill. ;   |c 30cm. 
650 0 0 |a Children's stories 
999 |a 031578   |b BUKU   |c PINJAMAN   |e PERPUSTAKAAN KOMUNITI PETALING JAYA